00650pam a2200217 a 4500001000700000003000400007005001700011008004100028010001700069020002500086040001800111050002600129082001500155100002200170245006400192260003700256300003400293504006000327650002700387650001800414582266OSt20150408113946.0900628s1991 nyua b 001 0 eng  a 90042808  a0070039097 :c$45.95 aDLCcDLCdDLC00aQA76.9.A73bB374 199100a004.222201 aBartee, Thomas C.10aComputer architecture and logic design /cThomas C. Bartee. aNew York :bMcGraw-Hill,cc1991. axii, 628 p. :bill. ;c25 cm. aIncludes bibliographical references (p. 615) and index. 0aComputer architecture. 0aLogic design.